000 00508nam a22001817a 4500
005 20251108172151.0
008 250721s1976 xx 000 0 ara d
082 1 4 _a922.12/قيم
100 1 _aالبقري، أحمد ماهر
245 1 0 _aإبن القيم من آثاره العلمية /
264 _bمؤسسة شباب الجامعة،
_c1976.
300 _a399ص
650 1 7 _aالإسلام
650 1 7 _aالتراجم
650 1 7 _aالمفسرون
942 _2ddc
_cBK
999 _c72126
_d72126